| 000 | 01022nam a2200193Ii 4500 | ||
|---|---|---|---|
| 003 | JO-AjNU | ||
| 008 | 230605s9999||||xx |||||||||||||| ||und|| | ||
| 040 |
_aJO-AjNU _bara _erda _cJO-AjNU |
||
| 041 | _aara | ||
| 050 | 1 | 4 | _aBP75.2.S8.1989 |
| 100 | 3 |
_aتاليف: السهيلي، ابي القاسم عبد الرحمن بن عبدالله ابن احمد بن ابي الحسن الخثعمي ، ابي محمد عبدالملك بن هشام المعافري؛ قدم له وعلق عليه وضبطه: طه عبدالرؤف سعد, _eauthor _958994 |
|
| 245 | 0 | 0 | _aالروض الانف في تفسير السيرة النبوية تفسير السيرة النبوية لابن هشام ومعه السيرة النبوية، ج 3 |
| 264 | 3 | 1 | _aبيروت: دار الفكر ، 1989 |
| 300 |
_aج3: 311ص _bيحتوي على فهارس من ص306-311 |
||
| 336 |
_atext _btxt _2rdacontent |
||
| 337 |
_aunmediated _bn _2rdamedia |
||
| 338 |
_avolume _bnc _2rdacarrier |
||
| 650 | 4 |
_aالسيرة النبوية _958995 |
|
| 999 |
_aA26525 _c30093 _d30093 |
||